000 00657nam a2200289Ia 4500
005 20260324134109.0
008 008 260324s9999 xx 000 0 eng d
020 _a9780203017449
037 _aEBOOK
040 _aCRL
040 _beng
040 _cCRL
041 _2eng
041 _aeng
084 _qCRL
100 _aTrisha Maynard
_91195561
245 0 _aBoys and Literacy
245 0 _bExploring the Issues
260 _bTaylor and Francis
260 _c2002
365 _a
365 _b290
856 _uhttp://www.taylorfrancis.com/books/9780203017449
942 _cEBOOK
999 _c1795266
_d1795266